LEADER 02864nam 2200697Ia 450 001 9910451307303321 005 20200520144314.0 010 $a1-280-52704-8 010 $a0-19-535906-2 010 $a1-4294-0038-2 035 $a(CKB)1000000000410388 035 $a(EBL)271034 035 $a(OCoLC)191924623 035 $a(SSID)ssj0000108029 035 $a(PQKBManifestationID)11135227 035 $a(PQKBTitleCode)TC0000108029 035 $a(PQKBWorkID)10013703 035 $a(PQKB)11590312 035 $a(MiAaPQ)EBC271034 035 $a(Au-PeEL)EBL271034 035 $a(CaPaEBR)ebr10142213 035 $a(CaONFJC)MIL52704 035 $a(OCoLC)936849445 035 $a(EXLCZ)991000000000410388 100 $a19940202d1995 uy 0 101 0 $aeng 135 $aur|n|---||||| 181 $ctxt 182 $cc 183 $acr 200 10$aAutonomy and intervention$b[electronic resource] $eparentalism in the caring life /$fJohn Kultgen 210 $aNew York $cOxford University Press$d1995 215 $a1 online resource (277 p.) 300 $aDescription based upon print version of record. 311 $a0-19-508531-0 320 $aIncludes bibliographical references (p. 253-256) and index. 327 $aContents; 1. The Life of Care; 2. Care and Moral Intuition; 3. Care and Morality; 4. The Parental Analogy; 5. Parentalism Defined; 6. The Evaluation of Parentalism; 7. The Anatomy of Intervention; 8. The Value of Autonomy; 9. The Role of Consent; 10. Varieties of Antiparentalism; 11. VanDeVeer's Consent-Based Antiparentalism; 12. The State as Parentalist; 13. Feinberg's Antiparentalism; 14. Professional Parentalism; 15. Conclusion; Appendix: Critical Review of the Literature; Notes; Bibliography; Index; A; B; C; D; F; G; H; I; J; K; L; M; N; P; R; S; T; V; W 330 $aThis philosophical treatise explores the place of paternalism in caring for others. It provides guidelines for balancing respect for the recipients' autonomy with the good that can be provided by intervening in their lives. 606 $aRespect for persons 606 $aCaring 606 $aPaternalism$xMoral and ethical aspects 606 $aAutonomy (Philosophy) 606 $aCommunity life 606 $aInvoluntary treatment$xMoral and ethical aspects 608 $aElectronic books. 615 0$aRespect for persons. 615 0$aCaring. 615 0$aPaternalism$xMoral and ethical aspects. 615 0$aAutonomy (Philosophy) 615 0$aCommunity life. 615 0$aInvoluntary treatment$xMoral and ethical aspects. 676 $a171.1 676 $a177/.7 700 $aKultgen$b John H$0902716 801 0$bMiAaPQ 801 1$bMiAaPQ 801 2$bMiAaPQ 906 $aBOOK 912 $a9910451307303321 996 $aAutonomy and intervention$92221163 997 $aUNINA LEADER 01279nam a2200349 i 4500 001 991000820829707536 005 20020507174016.0 008 940518s1984 ||| ||| | eng 020 $a3540128824 035 $ab10761780-39ule_inst 035 $aLE01302814$9ExL 040 $aDip.to Matematica$beng 082 0 $a510 084 $aAMS 53-06 084 $aAMS 57-XX 084 $aAMS 81E (1985) 084 $aQA3 100 1 $aNaveira, Antonio M.$058738 245 10$aDifferential geometry :$bproc. of the intern. symp. held at Peniscola, Spain, October 3-10, 1982 /$ced. by A. M. Naveira 260 $aBerlin ; New York :$bSpringer-Verlag,$c1984 300 $aviii, 194 p. ;$c25 cm. 490 0 $aLecture notes in mathematics,$x0075-8434 ;$v1045 500 $aIn English and French. 500 $aIncludes bibliographies. 500 $aProceedings of the Symposium on Differential Geometry 650 4$aDifferential geometry$xCongresses 907 $a.b10761780$b23-02-17$c28-06-02 912 $a991000820829707536 945 $aLE013 53-XX NAV11 (1984)$g1$i2013000132495$lle013$o-$pE0.00$q-$rl$s- $t0$u2$v0$w2$x0$y.i10857084$z28-06-02 996 $aDifferential geometry$9383785 997 $aUNISALENTO 998 $ale013$b01-01-94$cm$da $e-$feng$gxx $h0$i1